00357 a2200133 450000500170000002000180001708200150003510000170005024500360006725000120010326000350011530000360015070000370018620250626153047.0 a9780070635807 a658.15 BRE aBREALEY,A.R. aPrinciples of Corporate Finance a8th Ed. aNew DelhibMc Graw Hill,c2007 axxvii,1039p.:ill.bIndexc23cm. aMOHANTY,P. , MYERS,S.& ALLEN, F.